| 000 | 00780nam a22002537a 4500 | ||
|---|---|---|---|
| 999 |
_c16944 _d16944 |
||
| 003 | EG-ScBUE | ||
| 005 | 20200113110000.0 | ||
| 008 | 120815s2003 nyu f 000 0 eng d | ||
| 020 | _a9781885586728 | ||
| 020 | _a9781171894803 | ||
| 040 |
_aEG-ScBUE _beng _erda _cEG-ScBUE _dEG-ScBUE |
||
| 082 | 0 | 4 |
_a808.831 _bSTR _222 |
| 100 | 1 |
_aStrindberg, August, _d1849-1912, _eauthor. _930805 |
|
| 245 | 1 | 0 |
_aMarried / _cby August Strindberg. |
| 264 | 1 |
_a[United States] : _b[publisher not identified], _c[2003] |
|
| 300 |
_a254 pages : _c24 cm |
||
| 336 |
_2rdacontent _atext _btxt |
||
| 337 |
_2rdamedia _aunmediated _bn |
||
| 338 |
_2rdacarrier _avolume _bnc |
||
| 650 | 7 |
_aMarriage _xFiction. _2BUEsh _99710 |
|
| 653 |
_cAugust2012 _bHHUUEENN |
||
| 655 | _vReading book | ||
| 942 |
_2ddc _cBB |
||